[Event "TCh-TUR Super League 2015"]
[Site "Kocaeli TUR"]
[Date "2015.08.09"]
[Round "7.4"]
[Board "6"]
[White "Burcu, Cagatay"]
[Black "Gundogan, Cem"]
[Result "1-0"]
[WhiteElo "2178"]
[BlackElo "2060"]
[WhiteTeam "Calli Sports Club"]
[BlackTeam "Kocaeli Buyuksehir Belediyesi Kagit Sports Club"]
[WhiteFideId "6310630"]
[BlackFideId "6311032"]
[EventDate "2015.08.04"]

1. d4 c5 2. d5 e5 3. e4 d6 4. h3 g6 5. Nf3 Bh6 6. Bxh6 Nxh6 7. Qd2 Ng8 8. Nc3 h6
9. g3 Kf8 10. Bg2 Kg7 11. Qe3 Ne7 12. Nd2 f5 13. O-O-O fxe4 14. Bxe4 a6 15. Rdf1
b5 16. f4 Nd7 17. Ne2 Bb7 18. fxe5 dxe5 19. c4 bxc4 20. Nc3 Nf6 21. Rxf6 Kxf6
22. Rf1+ Kg7 23. d6 Nf5 24. Rxf5 gxf5 25. Bxb7 Rb8 26. Qxe5+ Qf6 27. Qxf6+ Kxf6
28. Bd5 h5 29. h4 Ke5 30. Nxc4+ Kd4 31. Na5 Ke3 32. Nc6 Rbf8 33. Nd1+ Ke2 34.
Ne5 Kf1 35. Ng6 Kg1 36. Nxh8 Rxh8 37. Ne3 Re8 38. d7 Rd8 39. Be6 Kf2 40. Nxf5
Kf3 41. Nd6 Kxg3 42. Nf7 Rxd7 43. Bxd7 Kxh4 44. Ne5 1-0

[Event "TCh-TUR Super League 2015"]
[Site "Kocaeli TUR"]
[Date "2015.08.09"]
[Round "7.4"]
[Board "7"]
[White "Kilic, Efe Mert"]
[Black "Tasdogen, Dincer"]
[Result "1/2-1/2"]
[WhiteElo "1816"]
[BlackElo "1957"]
[WhiteTeam "Kocaeli Buyuksehir Belediyesi Kagit Sports Club"]
[BlackTeam "Calli Sports Club"]
[WhiteFideId "6354327"]
[BlackFideId "6367097"]
[EventDate "2015.08.04"]

1. e4 c5 2. Nf3 e6 3. d4 cxd4 4. Nxd4 a6 5. g3 b5 6. Bg2 Bb7 7. O-O Nf6 8. Qe2
Qc7 9. e5 Bxg2 10. Kxg2 Nd5 11. Nd2 Nc6 12. N2f3 Be7 13. c3 O-O 14. a4 Qb7 15.
Kg1 bxa4 16. Rxa4 d6 17. Nxc6 Qxc6 18. Rg4 Rfd8 19. Bh6 Bf8 20. Nd4 Qd7 21. Bc1
g6 22. Nf3 Bg7 23. h4 dxe5 24. Nxe5 Qd6 25. Nc4 Qc5 26. Ne3 Nf6 27. Ra4 Qc6 28.
Ra5 Nd7 29. Nc4 Rac8 30. Ne3 Ne5 31. Kh2 Nd3 32. Rd1 Qb6 33. Ra3 Nxc1 34. Rxc1
Qb5 35. Qc2 Rd6 36. Rd1 Rb6 37. Ra2 h5 38. Qd3 Qxd3 39. Rxd3 Rcb8 40. Nc4 Rc6
41. Ra4 Rbc8 42. Ne3 Rb8 43. Ra2 Rcb6 44. Nd1 Kf8 45. Kg2 Ke7 46. Kf3 Rc6 47.
Ke2 e5 48. Kd2 Ke6 49. Kc2 Bf8 50. Ra4 Bc5 51. Rc4 Rbc8 52. b4 Bb6 53. Rxc6+
Rxc6 54. Kb3 f6 55. Rd2 g5 56. hxg5 fxg5 57. f3 Rd6 58. Kc2 Rxd2+ 59. Kxd2 h4
60. gxh4 gxh4 61. Ke2 h3 62. Kf1 Kf5 63. Nf2 Bxf2 64. Kxf2 Kf4 65. c4 h2 66. Kg2
h1=Q+ 67. Kxh1 Kxf3 68. Kg1 Ke4 69. Kf2 Kd4 70. c5 Kd5 71. Ke3 a5 72. bxa5 Kxc5
73. Ke4 Kb5 74. Kxe5 Kxa5 75. Ke4 1/2-1/2

[Event "TCh-TUR Super League 2015"]
[Site "Kocaeli TUR"]
[Date "2015.08.09"]
[Round "7.4"]
[Board "8"]
[White "Uzun, Belemir"]
[Black "Gundogan, Sinem Cagla"]
[Result "0-1"]
[WhiteElo "1682"]
[BlackElo "1913"]
[WhiteTeam "Calli Sports Club"]
[BlackTeam "Kocaeli Buyuksehir Belediyesi Kagit Sports Club"]
[WhiteFideId "6365655"]
[BlackFideId "6325378"]
[EventDate "2015.08.04"]

1. d4 d5 2. c4 e6 3. Nc3 Nf6 4. cxd5 exd5 5. Bg5 Be7 6. e3 c6 7. Bd3 Nbd7 8.
Nge2 Nf8 9. Qc2 Ng6 10. Ng3 Ng4 11. Bxe7 Qxe7 12. Nf5 Bxf5 13. Bxf5 Nh6 14. O-O
Nxf5 15. Qxf5 O-O 16. Rab1 Nh4 17. Qg4 f5 18. Qf4 Ng6 19. Qf3 f4 20. exf4 Rxf4
21. Qe3 Qf6 22. Ne2 Re4 23. Qd2 Rae8 24. Ng3 Rxd4 25. Qa5 Ra8 26. b4 b6 27. Qa6
Qf7 28. Rbc1 Qd7 29. Qa4 Rc8 30. Rc2 Ne5 31. Re2 Nd3 32. a3 Nf4 33. Re3 a5 34.
Qb3 axb4 35. axb4 c5 36. bxc5 bxc5 37. Rfe1 Ng6 38. Qb6 Rf4 39. Re6 d4 40. Ne4
Qd5 41. h3 Rff8 42. Rd6 Qf5 43. Qb5 Kh8 44. f3 Ne5 45. Rf1 d3 46. Nf2 Qf4 47.
Nxd3 Nxf3+ 48. Rxf3 Qxd6 49. Rxf8+ Qxf8 50. Qc4 Qf6 51. Qb5 c4 52. Nb4 c3 53.
Nc2 Qd6 54. Qf5 Rb8 55. Qf1 Qd2 56. Qf5 Qd1+ 57. Kh2 Qd6+ 0-1

[Event "TCh-TUR Super League 2015"]
[Site "Kocaeli TUR"]
[Date "2015.08.09"]
[Round "7.5"]
[Board "2"]
[White "Solak, Dragan"]
[Black "Amonatov, Farrukh"]
[Result "1/2-1/2"]
[WhiteTitle "GM"]
[BlackTitle "GM"]
[WhiteElo "2622"]
[BlackElo "2592"]
[WhiteTeam "Besiktas Jimnastik Kulubu"]
[BlackTeam "Hatay Buyuksehir Belediyesi Genclik Sports Club"]
[WhiteFideId "916811"]
[BlackFideId "14700077"]
[EventDate "2015.08.04"]

1. e4 c5 2. Nf3 d6 3. d4 cxd4 4. Nxd4 Nf6 5. Nc3 a6 6. Bg5 Nbd7 7. Bc4 Qb6 8.
Bb3 e6 9. Qd2 Be7 10. O-O-O Nc5 11. Rhe1 Qc7 12. f4 h6 13. e5 dxe5 14. fxe5 Nh7
15. Bxe7 Qxe7 16. Nf5 exf5 17. Nd5 Qd7 18. Qa5 Nxb3+ 19. axb3 O-O 20. Nc7 Qc6
21. Nxa8 Qxg2 22. Rd2 Qh3 23. Nb6 Be6 24. Nd7 Bxd7 25. Rxd7 Qxh2 26. e6 fxe6 27.
Qb6 Nf6 28. Rxb7 Kh8 29. Kb1 f4 30. Qd6 Rc8 31. c4 Qh4 32. Rf1 f3 33. Qxe6 Qe4+
34. Qxe4 Nxe4 35. Kc2 Rf8 36. Re7 Ng3 37. Rf2 Nh1 38. Rf1 Ng3 39. Rf2 Nh1 40.
Rf1 Ng3 1/2-1/2

[Event "TCh-TUR Super League 2015"]
[Site "Kocaeli TUR"]
[Date "2015.08.09"]
[Round "7.5"]
[Board "3"]
[White "Ali Marandi, Cemil Can"]
[Black "Mamedov, Rauf"]
[Result "0-1"]
[WhiteTitle "IM"]
[BlackTitle "GM"]
[WhiteElo "2414"]
[BlackElo "2651"]
[WhiteTeam "Hatay Buyuksehir Belediyesi Genclik Sports Club"]
[BlackTeam "Besiktas Jimnastik Kulubu"]
[WhiteFideId "6300529"]
[BlackFideId "13401653"]
[EventDate "2015.08.04"]

1. e4 c6 2. d4 g6 3. Nc3 Bg7 4. Nf3 d6 5. h3 Nf6 6. Bd3 O-O 7. O-O Nbd7 8. Be3
Qc7 9. a4 b6 10. Re1 Bb7 11. Qd2 e5 12. Rad1 a6 13. Bf1 b5 14. Bg5 exd4 15. Qxd4
Nd5 16. Qd2 Nxc3 17. bxc3 Rfe8 18. Bf4 Ne5 19. Qxd6 Qxd6 20. Rxd6 Nxf3+ 21. gxf3
Bxc3 22. Red1 Bb4 23. R6d4 Bf8 24. h4 Bc8 25. a5 Be6 26. Bd6 c5 27. R4d2 Bh6 28.
Re2 Rad8 29. Ree1 c4 30. c3 Rd7 31. e5 Bf5 32. Rd4 f6 33. f4 Bxf4 34. Bg2 fxe5
35. Bc6 Red8 36. Bxd7 exd4 37. Bxf5 Rxd6 0-1

[Event "TCh-TUR Super League 2015"]
[Site "Kocaeli TUR"]
[Date "2015.08.09"]
[Round "7.5"]
[Board "4"]
[White "Atakisi, Umut"]
[Black "Gulbas, Cemil"]
[Result "1/2-1/2"]
[WhiteTitle "IM"]
[BlackTitle "IM"]
[WhiteElo "2332"]
[BlackElo "2377"]
[WhiteTeam "Besiktas Jimnastik Kulubu"]
[BlackTeam "Hatay Buyuksehir Belediyesi Genclik Sports Club"]
[WhiteFideId "6301037"]
[BlackFideId "201820"]
[EventDate "2015.08.04"]

1. e4 g6 2. d4 Bg7 3. Nf3 d6 4. Bc4 a6 5. O-O e6 6. a4 Ne7 7. Nc3 Nd7 8. a5 h6
9. h4 Nf6 10. Qe2 d5 11. Bd3 O-O 12. Bf4 dxe4 13. Nxe4 Nxe4 14. Qxe4 Nd5 15. Be5
h5 16. c3 Ra7 17. c4 Nf6 18. Qf4 b6 19. Rfe1 Ng4 20. Bxg7 Kxg7 21. Be4 Qf6 22.
Qd2 Rd8 23. Qb4 Rxd4 24. axb6 cxb6 25. Qxb6 Rad7 26. c5 Rd2 27. c6 R7d4 28. Rf1
Qf4 29. Rae1 Qd6 30. Qb3 Kg8 31. g3 Rb4 32. Nxd2 Rxb3 33. Nxb3 g5 34. Bf3 gxh4
35. Bxg4 hxg4 36. Rd1 Qxc6 37. Rd8+ Kg7 38. Rc1 Qb6 1/2-1/2

[Event "TCh-TUR Super League 2015"]
[Site "Kocaeli TUR"]
[Date "2015.08.09"]
[Round "7.5"]
[Board "5"]
[White "Altinoz, Fevziye Ece"]
[Black "Ozturk, Kubra"]
[Result "0-1"]
[BlackTitle "WGM"]
[WhiteElo "1543"]
[BlackElo "2240"]
[WhiteTeam "Hatay Buyuksehir Belediyesi Genclik Sports Club"]
[BlackTeam "Besiktas Jimnastik Kulubu"]
[WhiteFideId "6358942"]
[BlackFideId "6302599"]
[EventDate "2015.08.04"]

1. e4 e5 2. Nf3 Nc6 3. Bc4 Nf6 4. d4 exd4 5. O-O Nxe4 6. Re1 d5 7. Bxd5 Qxd5 8.
Nc3 Qh5 9. Nxe4 Be6 10. Bg5 Bd6 11. Nxd6+ cxd6 12. Bf4 Qc5 13. Qd2 O-O-O 14. a3
Bd5 15. b4 Qc4 16. Nh4 g6 17. Bg5 Rde8 18. Bf4 Re6 19. Rxe6 fxe6 20. Rb1 e5 21.
Bg5 b5 22. Rb3 Be4 23. Rb2 Kb7 24. f3 Bf5 25. Nxf5 gxf5 26. Bh4 e4 27. fxe4 fxe4
28. Bg3 Rf8 29. Qe1 d5 30. h3 Qc3 31. Qxc3 dxc3 32. Rb1 d4 33. Rd1 d3 34. cxd3
c2 0-1

[Event "TCh-TUR Super League 2015"]
[Site "Kocaeli TUR"]
[Date "2015.08.09"]
[Round "7.5"]
[Board "6"]
[White "Arat, Ufuk Sezen"]
[Black "Buyukasik, Diyap"]
[Result "1-0"]
[WhiteTitle "FM"]
[WhiteElo "2409"]
[BlackElo "2074"]
[WhiteTeam "Besiktas Jimnastik Kulubu"]
[BlackTeam "Hatay Buyuksehir Belediyesi Genclik Sports Club"]
[WhiteFideId "6309089"]
[BlackFideId "6319602"]
[EventDate "2015.08.04"]

1. d4 Nf6 2. Nf3 g6 3. Nbd2 d5 4. b4 Bg7 5. e3 O-O 6. Bb2 Bf5 7. c4 c6 8. Be2
Nbd7 9. O-O Ne4 10. Nxe4 dxe4 11. Nd2 h5 12. Qc2 Nf6 13. a4 h4 14. b5 Qc7 15.
Rfc1 g5 16. f3 h3 17. Nxe4 Nxe4 18. fxe4 Bh7 19. Bd3 Qd7 20. Rf1 e6 21. Ba3 Rfd8
22. Rad1 e5 23. d5 Qg4 24. Be7 Rd7 25. d6 c5 26. Rf2 Qe6 27. Be2 Bg6 28. Rdf1
hxg2 29. Rxg2 Rxe7 30. dxe7 Qxe7 31. Bg4 Rd8 32. Bf5 Bh5 33. Rd2 Rd6 34. Rff2
Bh6 35. Rxd6 Qxd6 36. Qd2 Qc7 37. h3 Kg7 38. Kg2 f6 39. Qc3 Be8 40. Rd2 Qf7 41.
Rd8 1-0

[Event "TCh-TUR Super League 2015"]
[Site "Kocaeli TUR"]
[Date "2015.08.09"]
[Round "7.5"]
[Board "7"]
[White "Temizkan, Denizcan"]
[Black "Gokerkan, Cem Kaan"]
[Result "1/2-1/2"]
[WhiteTitle "FM"]
[WhiteElo "1906"]
[BlackElo "2205"]
[WhiteTeam "Hatay Buyuksehir Belediyesi Genclik Sports Club"]
[BlackTeam "Besiktas Jimnastik Kulubu"]
[WhiteFideId "6325157"]
[BlackFideId "6336760"]
[EventDate "2015.08.04"]

1. d4 Nf6 2. c4 g6 3. Nc3 Bg7 4. e4 d6 5. Nf3 O-O 6. Be2 e5 7. O-O Nc6 8. d5 Ne7
9. b4 c6 10. a4 a5 11. bxa5 c5 12. Ne1 Ne8 13. Nd3 f5 14. Rb1 Qxa5 15. Bd2 fxe4
16. Nxe4 Qxa4 17. Qc1 Nf5 18. Ra1 Qxa1 19. Qxa1 Rxa1 20. Rxa1 Nd4 21. Bd1 Bf5
22. f3 Bxe4 23. fxe4 Nc7 24. Ra7 Rb8 25. Bg5 Kf7 26. Nb2 Bf6 27. Bxf6 Kxf6 28.
Na4 Na8 29. Kf2 Ke7 30. Ke3 Kd8 31. Nc3 Nb6 32. Kd3 Kc7 33. Nb5+ Nxb5 34. cxb5
Ra8 35. Rxa8 Nxa8 36. Bg4 Kb6 37. Bd7 Ka5 38. Kc3 Nb6 39. Be8 Ka4 40. h4 Ka3 41.
g4 Ka4 42. g5 Nc8 43. Bd7 Ne7 44. Kc4 Ka5 45. Be6 Kb6 46. Bg4 Kc7 47. Be6 Kb6
48. Bd7 Ka5 49. Be6 Kb6 50. Bd7 Kc7 51. Bg4 b6 52. Be6 Kd8 53. Kc3 Ke8 54. Kc4
Kf8 55. Kc3 Kg7 56. Kc4 h6 57. Kc3 Kh8 58. Kc4 Kh7 59. Kc3 Kg7 60. Kc4 Ng8 61.
Bxg8 hxg5 62. hxg5 1/2-1/2

[Event "TCh-TUR Super League 2015"]
[Site "Kocaeli TUR"]
[Date "2015.08.09"]
[Round "7.5"]
[Board "8"]
[White "Arda, Cagil Irmak"]
[Black "Micoogullari, Lara"]
[Result "1/2-1/2"]
[WhiteTitle "WCM"]
[WhiteElo "1915"]
[BlackElo "1668"]
[WhiteTeam "Besiktas Jimnastik Kulubu"]
[BlackTeam "Hatay Buyuksehir Belediyesi Genclik Sports Club"]
[WhiteFideId "6351700"]
[BlackFideId "6344968"]
[EventDate "2015.08.04"]

1. e4 d5 2. exd5 Nf6 3. d4 Bg4 4. Be2 Bxe2 5. Qxe2 Qxd5 6. Nf3 Nc6 7. c4 Qf5 8.
a3 O-O-O 9. d5 Nb8 10. Ne5 Nfd7 11. Nd3 e6 12. Nc3 exd5 13. Nxd5 Nc5 14. Nxc5
Bxc5 15. Be3 Rhe8 16. b4 Bd4 17. Rd1 Be5 18. Qf3 Qxf3 19. gxf3 c6 20. f4 cxd5
21. fxe5 Rxe5 22. cxd5 Rdxd5 23. Rxd5 Rxd5 24. Bxa7 Rd3 25. Ke2 Rxa3 26. Rc1+
Nc6 27. b5 Rxa7 28. bxc6 bxc6 29. Rxc6+ Rc7 30. Rd6 Rd7 31. Ra6 Kd8 32. Ra2 Ke7
33. Ke3 Ke6 34. Ra6+ Kf5 35. Kf3 Rd3+ 36. Kg2 g5 37. Rh6 Rd4 38. Rxh7 Rh4 39.
Rxf7+ Kg6 40. Rf8 Kg7 41. Ra8 Kg6 42. Kg3 Rd4 43. Rg8+ Kf5 44. f3 Kf6 45. Re8
Kf5 46. Re4 Rd1 47. Ra4 Rg1+ 1/2-1/2

[Event "TCh-TUR Super League 2015"]
[Site "Kocaeli TUR"]
[Date "2015.08.09"]
[Round "7.6"]
[Board "1"]
[White "Esen, Baris"]
[Black "Yaver, Faik Emre"]
[Result "1-0"]
[WhiteTitle "GM"]
[WhiteElo "2567"]
[BlackElo "2006"]
[WhiteTeam "Deniz Su Aquamatch Satranc Genclik Ve Sports Club"]
[BlackTeam "Ankara Demirspor Kulubu"]
[WhiteFideId "6302114"]
[BlackFideId "6329969"]
[EventDate "2015.08.04"]

1. d4 Nf6 2. c4 e6 3. Nc3 Bb4 4. Qc2 d5 5. a3 Bxc3+ 6. Qxc3 Ne4 7. Qc2 c5 8.
dxc5 Nc6 9. e3 Qa5+ 10. Bd2 Nxd2 11. Qxd2 Qxc5 12. cxd5 Qxd5 13. Qxd5 exd5 14.
Bb5 Ke7 15. Ne2 Be6 16. O-O-O Rac8 17. Kb1 Rhd8 18. Rd2 Ne5 19. Nd4 Nc4 20. Rc2
Nd6 21. Bd3 Rxc2 22. Bxc2 Ne4 23. f3 Nf6 24. Rd1 g6 25. Nb5 a6 26. Nc3 Rd7 27.
Rd4 Rd8 28. Bb3 Rd6 29. Kc2 Rd8 30. Rb4 Rd7 31. Kd3 Rc7 32. Rd4 Rd7 33. Ba2 h5
34. h4 Bf5+ 35. Kd2 Be6 36. Ne2 Rc7 37. Nf4 Rd7 38. Bb3 Rd6 39. Rb4 Rd7 40. Rb6
Ne8 41. Ba4 Rd8 42. Rxb7+ Kf6 43. Bxe8 Rxe8 44. Rb6 a5 45. Nxd5+ Ke5 46. Nc3
Rd8+ 47. Ke1 Ra8 48. a4 Bc4 49. Rc6 Bb3 50. Kf2 Ra7 51. Kg3 Be6 52. Rc5+ Kd6 53.
Rb5 Bc4 54. Ne4+ Ke7 55. Rb6 Bd5 56. Kf4 Ra8 57. Ke5 Bc4 58. b3 Bf1 59. Rb7+ Kf8
60. Ng5 Bxg2 61. Rxf7+ Kg8 62. Rb7 Rf8 63. Rb6 Rf5+ 64. Kd4 Kg7 65. Rb5 Rf6 66.
f4 Ra6 67. e4 Rf6 68. Ke5 Ra6 69. Rb7+ Kg8 70. Ne6 Kh8 71. f5 gxf5 72. Rb8+ Kh7
73. exf5 Bh3 74. Ng5+ 1-0

[Event "TCh-TUR Super League 2015"]
[Site "Kocaeli TUR"]
[Date "2015.08.09"]
[Round "7.6"]
[Board "2"]
[White "Severcan, Sedat Sabri"]
[Black "Firat, Burak"]
[Result "0-1"]
[BlackTitle "IM"]
[WhiteElo "1819"]
[BlackElo "2470"]
[WhiteTeam "Ankara Demirspor Kulubu"]
[BlackTeam "Deniz Su Aquamatch Satranc Genclik Ve Sports Club"]
[WhiteFideId "6351395"]
[BlackFideId "6305881"]
[EventDate "2015.08.04"]

1. d4 Nf6 2. c4 g6 3. Nc3 d5 4. cxd5 Nxd5 5. e4 Nxc3 6. bxc3 Bg7 7. Bc4 c5 8.
Ne2 Nc6 9. Be3 O-O 10. O-O Bg4 11. f3 Bd7 12. Rb1 Qc7 13. Bd5 e6 14. Bxc6 Bxc6
15. d5 exd5 16. exd5 Qe5 17. Bxc5 Rfe8 18. Bd4 Qxd5 19. Bxg7 Kxg7 20. Qxd5 Bxd5
21. Rb2 Bc4 22. Kf2 Rac8 23. Rc1 b6 24. Nd4 Re5 25. g3 Ra5 26. Rcc2 Rac5 27. Ke3
Re8+ 28. Kf2 Rec8 29. Ke3 Ba6 30. Kd2 Re8 31. Rb4 Bc4 32. Rbb2 Rce5 33. Rb1 Ra5
34. Rbb2 Rd5 35. Rb1 Re2+ 36. Kd1 Re3 37. Rd2 Rxc3 38. Rc1 Rxc1+ 39. Kxc1 h5 40.
a3 Ba6 41. f4 Bb7 42. Kc2 Kf6 43. h4 Rd7 44. Kc3 Re7 45. Rd3 Ba6 46. Rf3 Rc7+
47. Kd2 Rc4 48. Nc2 Kf5 49. Ne3+ Ke4 50. Nxc4 Kxf3 51. Ne5+ Kxg3 52. Ke3 Kxh4
53. Nxf7 Kg3 54. Ne5 h4 0-1

[Event "TCh-TUR Super League 2015"]
[Site "Kocaeli TUR"]
[Date "2015.08.09"]
[Round "7.6"]
[Board "3"]
[White "Erdogdu, Mert"]
[Black "Arig, Busra"]
[Result "1-0"]
[WhiteTitle "IM"]
[WhiteElo "2419"]
[BlackElo "1783"]
[WhiteTeam "Deniz Su Aquamatch Satranc Genclik Ve Sports Club"]
[BlackTeam "Ankara Demirspor Kulubu"]
[WhiteFideId "6301495"]
[BlackFideId "6309356"]
[EventDate "2015.08.04"]

1. e4 e5 2. Nf3 Nf6 3. Nxe5 d6 4. Nf3 Nxe4 5. d4 d5 6. Bd3 Bd6 7. O-O O-O 8. c4
c6 9. cxd5 cxd5 10. Nc3 Nxc3 11. bxc3 Bg4 12. h3 Bh5 13. Rb1 Nd7 14. Rb5 Nb6 15.
c4 Bxf3 16. Qxf3 dxc4 17. Bc2 a6 18. Rg5 g6 19. Qxb7 Be7 20. Ra5 Bf6 21. Rd1 Qb8
22. Qxb8 Rfxb8 23. Be3 c3 24. Be4 Nc4 25. Rc5 Nxe3 26. fxe3 Ra7 27. Rxc3 Re7 28.
Bd5 Rb2 29. e4 Bg5 30. Rg3 Rd2 31. Rxd2 Bxd2 32. Kf1 Kg7 33. Ke2 Bb4 34. Kd3 Rc7
35. Bc4 a5 36. e5 Rd7 37. Rf3 Bc5 38. Rxf7+ Rxf7 39. Bxf7 Bb4 40. Bc4 Kf8 41. d5
Ke7 42. Ke4 Bd2 43. d6+ Kd7 44. Kd5 Bg5 45. e6+ 1-0

[Event "TCh-TUR Super League 2015"]
[Site "Kocaeli TUR"]
[Date "2015.08.09"]
[Round "7.6"]
[Board "5"]
[White "Patel, Yesim"]
[Black "Gyokbulut, Julia"]
[Result "1/2-1/2"]
[WhiteTitle "WCM"]
[BlackTitle "WFM"]
[WhiteElo "1941"]
[BlackElo "1975"]
[WhiteTeam "Deniz Su Aquamatch Satranc Genclik Ve Sports Club"]
[BlackTeam "Ankara Demirspor Kulubu"]
[WhiteFideId "6300200"]
[BlackFideId "4153979"]
[EventDate "2015.08.04"]

1. e4 c5 2. Nf3 e6 3. g3 Nc6 4. Bg2 Nf6 5. Qe2 d5 6. e5 Nd7 7. O-O Qc7 8. Re1
Be7 9. c3 b6 10. d4 h6 11. Be3 Bb7 12. Nbd2 a5 13. Rac1 c4 14. Rf1 b5 15. Ne1 b4
16. f4 bxc3 17. bxc3 g6 18. g4 O-O-O 19. Rb1 Nb6 20. Ndf3 Ba6 21. Nc2 Na4 22.
Qe1 Kd7 23. Bc1 Rb8 24. Rxb8 Qxb8 25. f5 Qb1 26. fxe6+ fxe6 27. Ne3 Nb6 28. a3
g5 29. h4 Qh7 30. Nd1 Bb5 31. Qg3 gxh4 32. Nxh4 Rg8 33. Nf3 Qg6 34. Nf2 Ba4 35.
Qh3 Bg5 36. Nxg5 hxg5 37. Qh5 Bc2 38. Qxg6 Bxg6 39. Nh3 Na4 40. Bd2 Na7 41. Nxg5
Nb5 42. Rf6 Bd3 43. Rf7+ Kc8 44. Re7 Naxc3 45. Rxe6 Ne2+ 46. Kf2 Nbxd4 47. Bxd5
Rd8 48. Rd6 Rf8+ 49. Rf6 Rd8 50. Be4 Nb3 51. Bxd3 cxd3 52. Ne4 Rh8 53. Ke3 Rh3+
54. Rf3 Rxf3+ 55. Kxf3 Ned4+ 56. Ke3 Nc6 57. Bc3 Kd7 58. Kxd3 Ke6 59. Kc4 Nc1
60. Nc5+ Ke7 61. Kb5 Nd8 62. Bxa5 Nf7 63. Bc3 Ne2 64. Bb2 Nf4 65. a4 Nd5 66. a5
Nd8 67. a6 Nc7+ 68. Kc4 Nc6 69. Bc3 Na8 70. g5 Nc7 71. g6 Nd8 72. g7 Kf7 73. e6+
Kg8 74. a7 Nc6 75. a8=Q+ Nxa8 76. Kd5 Ne7+ 77. Kd6 Nf5+ 78. Kd7 Nb6+ 79. Kc6 Nc8
80. Kc7 Nce7 81. Kd7 Nd5 82. Be5 Nxg7 83. Bxg7 Kxg7 84. Ne4 Nb6+ 85. Kd8 Nd5 86.
Nc3 Nb4 87. Kd7 Nd3 88. e7 Nc5+ 89. Kd8 Ne6+ 90. Kd7 Nc5+ 91. Kd6 Kf7 92. Nd5
Ne4+ 93. Kd7 Nc5+ 94. Kd8 Ne6+ 95. Kd7 Nc5+ 96. Kc6 Ne4 97. Kc7 Ke8 98. Kc6 Nf6
99. Nxf6+ Kxe7 1/2-1/2

[Event "TCh-TUR Super League 2015"]
[Site "Kocaeli TUR"]
[Date "2015.08.09"]
[Round "7.6"]
[Board "6"]
[White "Yuksel, Atilla Koksal"]
[Black "Sanal, Vahap"]
[Result "0-1"]
[WhiteTitle "CM"]
[BlackTitle "IM"]
[WhiteElo "2103"]
[BlackElo "2510"]
[WhiteTeam "Ankara Demirspor Kulubu"]
[BlackTeam "Deniz Su Aquamatch Satranc Genclik Ve Sports Club"]
[WhiteFideId "6306667"]
[BlackFideId "6300545"]
[EventDate "2015.08.04"]

1. e4 g6 2. d4 Bg7 3. Nc3 d6 4. h3 a6 5. a4 b6 6. Be3 Bb7 7. f4 Nd7 8. Nf3 e6 9.
Bd3 Ne7 10. O-O c5 11. dxc5 bxc5 12. Ne2 Qc7 13. c3 O-O 14. Ng3 c4 15. Bc2 Rab8
16. Rb1 Nc5 17. Qe2 a5 18. Qf2 Nd3 19. Bxd3 cxd3 20. Bb6 Qd7 21. Bxa5 Ra8 22.
Bb6 Rxa4 23. Rfd1 Bxe4 24. Nxe4 Rxe4 25. Rxd3 Qb5 26. Rbd1 Rxf4 27. Bc7 Nf5 28.
Bxd6 Nxd6 29. Rxd6 h6 30. Kh1 Kh7 31. Rd8 Rxd8 32. Rxd8 e5 33. Qd2 Rf5 34. Rd5
Qf1+ 35. Kh2 e4 36. Rxf5 gxf5 37. Ng1 Be5+ 38. Kh1 Kg6 39. Qe3 Qd3 40. Qe1 Bg3
41. Qe2 h5 42. c4 Be5 43. g4 Qxe2 44. gxf5+ Kxf5 45. Nxe2 Bxb2 46. Kg2 h4 47.
Kf2 Ke5 48. Ke3 f5 49. Kd2 f4 0-1

[Event "TCh-TUR Super League 2015"]
[Site "Kocaeli TUR"]
[Date "2015.08.09"]
[Round "7.6"]
[Board "7"]
[White "Tuncer, Tuna"]
[Black "Karaahmetoglu, Ege"]
[Result "1-0"]
[WhiteElo "2175"]
[BlackElo "2032"]
[WhiteTeam "Deniz Su Aquamatch Satranc Genclik Ve Sports Club"]
[BlackTeam "Ankara Demirspor Kulubu"]
[WhiteFideId "6349269"]
[BlackFideId "6361145"]
[EventDate "2015.08.04"]

1. e4 c5 2. Nf3 d6 3. d4 cxd4 4. Nxd4 Nf6 5. Nc3 a6 6. Bg5 e6 7. f4 Qc7 8. Bxf6
gxf6 9. Qd2 Bd7 10. O-O-O Nc6 11. Kb1 O-O-O 12. Be2 Rg8 13. g3 Nxd4 14. Qxd4 Bc6
15. f5 Kb8 16. Bc4 exf5 17. Nd5 Bxd5 18. Bxd5 fxe4 19. Qxe4 h5 20. Rd3 Rg4 21.
Qe2 Qc5 22. c4 Rd7 23. Rb3 Re7 24. Qf3 b6 25. Qxf6 Kc7 26. Qh8 Re8 27. Rf1 Rg7
28. Rbf3 Kb8 29. a3 Qc8 30. Rxf7 Rxf7 31. Rxf7 Be7 32. Qh7 Qd7 33. Qe4 Kc7 34.
Ka2 b5 35. Ba8 Rxa8 36. Rxe7 1-0

[Event "TCh-TUR Super League 2015"]
[Site "Kocaeli TUR"]
[Date "2015.08.09"]
[Round "7.6"]
[Board "8"]
[White "Sahin, Hayrun Nisa"]
[Black "Can, Isil"]
[Result "0-1"]
[BlackTitle "WCM"]
[WhiteElo "1648"]
[BlackElo "1858"]
[WhiteTeam "Ankara Demirspor Kulubu"]
[BlackTeam "Deniz Su Aquamatch Satranc Genclik Ve Sports Club"]
[WhiteFideId "6380875"]
[BlackFideId "34505733"]
[EventDate "2015.08.04"]

1. e4 e5 2. Nf3 Nc6 3. Nc3 Nf6 4. d4 exd4 5. Nxd4 Bb4 6. Nxc6 bxc6 7. Bd3 d5 8.
exd5 cxd5 9. O-O O-O 10. Bg5 c6 11. Qf3 Bd6 12. Rae1 h6 13. Bh4 Rb8 14. Nd1 Be6
15. b3 Rb4 16. Bg3 Bxg3 17. fxg3 Qc7 18. Ne3 Ng4 19. h3 Ne5 20. Qf2 Nxd3 21.
cxd3 Qb6 22. Nc2 Qxf2+ 23. Rxf2 Rb6 24. Nd4 c5 25. Rc1 Rc8 26. Rfc2 Ra6 27. Nf3
Kf8 28. a4 Rb6 29. Nd2 Rbc6 30. b4 c4 31. b5 R6c7 32. dxc4 dxc4 33. Rc3 Bd5 34.
Nf1 Re7 35. Ne3 Be6 36. Nc2 Rd7 37. Nb4 Rd2 38. R3c2 Rxc2 39. Rxc2 Bf5 40. Rc1
Be4 41. g4 c3 42. Nc2 Rd8 43. Ne3 c2 44. Kf2 Rd4 45. a5 Rb4 46. b6 axb6 47. axb6
Rxb6 48. Ke2 Rc6 49. Kd2 Ke7 50. Nxc2 Bxg2 51. Re1+ Re6 52. Rxe6+ Kxe6 53. Nd4+
Ke5 54. Nf5 Bxh3 55. Nxg7 Bxg4 56. Ke3 Kf6 57. Ne8+ Ke5 58. Nc7 h5 59. Kf2 h4
60. Na6 f5 61. Nc5 Bh3 62. Nd3+ Ke4 63. Nc5+ Kd4 64. Ne6+ Ke5 65. Nc5 Bg4 66.
Nd7+ Kf4 67. Nc5 Bd1 68. Nd3+ Kg4 69. Ne5+ Kg5 70. Kg2 Bg4 71. Nd3 f4 72. Nf2
f3+ 73. Kh2 Bf5 74. Kh1 Kf4 75. Kg1 Bc2 76. Nh3+ Kg3 77. Nf2 Kf4 78. Nh3+ Ke3
79. Nf2 Bf5 80. Nd1+ Ke2 81. Nf2 Ke1 82. Nh1 h3 83. Ng3 f2+ 84. Kh2 f1=Q 85.
Nxf1 Kxf1 86. Kh1 Kf2 87. Kh2 Be6 88. Kh1 Kg3 89. Kg1 h2+ 0-1